000 01268nam a2200325 a 4500
001 000113247
003 CHAP
005 20220329144345.0
008 170524s2016 mx a fsm |||||||spa d
010 _a109708
011 _a110680
040 _cCHAP
090 _aTesis
100 1 _aDomínguez Hernández, Victoria
_9132346
245 1 0 _aProcesos de innovación en la producción de frijol:
_h[En línea]
_bestudio de caso en Saín Alto, Zacatecas /
_cpor Victoria Domínguez Hernández.
260 _aChapingo, Méx. :
_bEl autor,
_c2016.
500 _aPara ver el contenido del material haga clic en la liga
502 _aTesis (Lic.en Administración de Empresas Agropecuarias) -- UACH. División de Ciencias Económico-Administrativas
590 _aE8697GMM
_b05
_c20170524
_lUCH01
_h0856
590 _aE8697GMM
_b05
_c20170524
_lUCH01
_h0918
650 1 4 _aFrijol
_xComercialización.
_943349
650 1 4 _aFrijol
_xCostos de producción.
_943355
650 1 4 _aFrijol
_xNormas de calidad.
_943412
650 1 4 _aFrijol
_xProducción
_xInnovaciones tecnológicas.
_9132352
650 1 4 _aFrijol
_xRendimiento
_zZacatecas.
_9130937
856 _aFinding aid
_uhttp://10.13.5.2/tesis/sist113247.pdf
_zTeclea aquí
901 _aBK
942 _cTESIS
942 _n0
999 _c109708
_d109708